Doctor Faustus. (رقم التسجيلة. 21069)

تفاصيل مارك
000 -الفاتح
حقل البيانات ثابتة الطول 00682cam a22002411 4500
001 - رقم الضبط
رقم الضبط 10315238
003 - محدد رقم الضبط
رقم الضبط OSt
005 - وقت وتاريخ اخر تعامل مع التسجيلة
رقم الضبط 20150408114010.0
008 - عناصر البيانات ثابتة الطول - معلومات عامة
حقل البيانات ثابتة الطول 750904s1962 mauf 000 0 eng
010 ## - رقم ضبط مكتبة الكونجرس
رقم ضبط مكتبة الكونجرس 62051712
035 ## - رقم ضبط النظام
رقم ضبط النظام (OCoLC)1597470
040 ## - مصدر الفهرسة
وكالة الفهرسة الأصلية DLC
وكالة النسخ OClU
وكالة التعديل OCoLC
-- DLC
042 ## - رمز التحقق
رمز التحقق premarc
050 00 - رقم طلب مكتبة الكونجرس
رقم التصنيف PR2664
رقم المادة .A1 1962
082 ## - رقم تصنيف ديوى العشرى
رقم التصنيف 822.3
100 1# - المدخل الرئيسى - إسم شخصى
الإسم الشخصى Marlowe, Christopher,
التواريخ المصاحبة للاسم 1564-1593.
9 (RLIN) 9947
245 10 - بيان العنوان
العنوان Doctor Faustus.
بيان المسئوليه,etc Edited by John D. Jump.
260 ## - PUBLICATION, DISTRIBUTION, ETC. (IMPRINT)
مكان الناشر او الموزع Cambridge,
اسم الناشر او الموزع Harvard University Press,
تاريخ النشر أو التوزيع 1962.
300 ## - الوصف المادى
التعداد lxv, 145 p.
تفاصيل ماديه اخرى للوعاء plate.
أبعاد الوعاء 21 cm.
490 0# - بيان السلسلة
عنوان السلسلة The Revels plays
700 1# - المدخل الاضافى - اسم شخصى
الإسم الشخصى Jump, John Davies,
التواريخ المصاحبة للاسم 1913-
الدور ed.
9 (RLIN) 9948
942 ## - عناصر المدخل الإضافي( كوها)
مصدر التصنيف او مخطط الترفيف Dewey Decimal Classification
Koha [default] item type كتاب
المقتنيات
حالة الفقد نموذج السعر الفعال حالة تلف ليس للاعارة رقم الطلب تاريخ الاكتساب الموقع الحالي الباركود الفرع الرئيسي Date last seen نوع المادة فى نظام كوها مصدر التصنيف او خطة الترفيف Total Checkouts
  2013-03-10     822.3 M C D 2012-03-20 مكتبة كلية التربية بالزلفى - طالبات (EZF) 00013348 مكتبة كلية التربية بالزلفى - طالبات (EZF) 2013-03-10 كتاب Dewey Decimal Classification